<?xml version="1.0" encoding="UTF-8"?>
<collection xmlns="http://www.loc.gov/MARC21/slim">
 <record>
  <leader>03102cam a2200553   4500</leader>
  <controlfield tag="001">787158887</controlfield>
  <controlfield tag="003">DE-627</controlfield>
  <controlfield tag="005">20240926201641.0</controlfield>
  <controlfield tag="007">tu</controlfield>
  <controlfield tag="008">160202s2014    sz |||||      00| ||ger c</controlfield>
  <datafield tag="015" ind1=" " ind2=" ">
   <subfield code="a">14,N23</subfield>
   <subfield code="2">dnb</subfield>
  </datafield>
  <datafield tag="015" ind1=" " ind2=" ">
   <subfield code="a">14,A45</subfield>
   <subfield code="2">dnb</subfield>
  </datafield>
  <datafield tag="016" ind1="7" ind2=" ">
   <subfield code="a">1051514053</subfield>
   <subfield code="2">DE-101</subfield>
  </datafield>
  <datafield tag="020" ind1=" " ind2=" ">
   <subfield code="a">9783037347034</subfield>
   <subfield code="c">kart. : EUR 17.95 (DE), EUR 18.50 (AT), sfr 22.50 (freier Pr.)</subfield>
   <subfield code="9">978-3-03734-703-4</subfield>
  </datafield>
  <datafield tag="020" ind1=" " ind2=" ">
   <subfield code="a">3037347031</subfield>
   <subfield code="c"> : kart. : EUR 17.95 (DE)</subfield>
   <subfield code="9">3-03734-703-1</subfield>
  </datafield>
  <datafield tag="024" ind1="3" ind2=" ">
   <subfield code="a">9783037347034</subfield>
  </datafield>
  <datafield tag="035" ind1=" " ind2=" ">
   <subfield code="a">(DE-627)787158887</subfield>
  </datafield>
  <datafield tag="035" ind1=" " ind2=" ">
   <subfield code="a">(DE-576)455005761</subfield>
  </datafield>
  <datafield tag="035" ind1=" " ind2=" ">
   <subfield code="a">(DE-599)DNB1051514053</subfield>
  </datafield>
  <datafield tag="035" ind1=" " ind2=" ">
   <subfield code="a">(OCoLC)881099621</subfield>
  </datafield>
  <datafield tag="035" ind1=" " ind2=" ">
   <subfield code="a">(OCoLC)894550347</subfield>
  </datafield>
  <datafield tag="035" ind1=" " ind2=" ">
   <subfield code="a">(OCoLC)1078404416</subfield>
  </datafield>
  <datafield tag="040" ind1=" " ind2=" ">
   <subfield code="a">DE-627</subfield>
   <subfield code="b">ger</subfield>
   <subfield code="c">DE-627</subfield>
   <subfield code="e">rakwb</subfield>
  </datafield>
  <datafield tag="041" ind1=" " ind2=" ">
   <subfield code="a">ger</subfield>
   <subfield code="h">eng</subfield>
  </datafield>
  <datafield tag="044" ind1=" " ind2=" ">
   <subfield code="c">XA-CH</subfield>
   <subfield code="c">XA-DE-BE</subfield>
  </datafield>
  <datafield tag="082" ind1="0" ind2="4">
   <subfield code="a">810</subfield>
   <subfield code="a">B</subfield>
  </datafield>
  <datafield tag="082" ind1="0" ind2="4">
   <subfield code="a">800</subfield>
   <subfield code="a">B</subfield>
  </datafield>
  <datafield tag="090" ind1=" " ind2=" ">
   <subfield code="a">a</subfield>
  </datafield>
  <datafield tag="100" ind1="1" ind2=" ">
   <subfield code="a">Larson, Nathan</subfield>
   <subfield code="d">1970-</subfield>
   <subfield code="0">(DE-588)140534598</subfield>
   <subfield code="0">(DE-627)618921672</subfield>
   <subfield code="0">(DE-576)186868820</subfield>
   <subfield code="4">aut</subfield>
  </datafield>
  <datafield tag="240" ind1="1" ind2="4">
   <subfield code="a">The nervous system &lt;dt.&gt;</subfield>
  </datafield>
  <datafield tag="245" ind1="1" ind2="0">
   <subfield code="a">Boogie Man</subfield>
   <subfield code="b">der zweite Dewey-Decimal-Roman</subfield>
   <subfield code="c">Nathan Larson. Aus dem Amerikan. von Andrea Stumpf</subfield>
  </datafield>
  <datafield tag="250" ind1=" " ind2=" ">
   <subfield code="a">1. Aufl.</subfield>
  </datafield>
  <datafield tag="264" ind1=" " ind2="1">
   <subfield code="a">Zürich</subfield>
   <subfield code="a">Berlin</subfield>
   <subfield code="b">Diaphanes</subfield>
   <subfield code="c">2014</subfield>
  </datafield>
  <datafield tag="300" ind1=" " ind2=" ">
   <subfield code="a">284 S.</subfield>
   <subfield code="c">21 cm</subfield>
  </datafield>
  <datafield tag="336" ind1=" " ind2=" ">
   <subfield code="a">Text</subfield>
   <subfield code="b">txt</subfield>
   <subfield code="2">rdacontent</subfield>
  </datafield>
  <datafield tag="337" ind1=" " ind2=" ">
   <subfield code="a">ohne Hilfsmittel zu benutzen</subfield>
   <subfield code="b">n</subfield>
   <subfield code="2">rdamedia</subfield>
  </datafield>
  <datafield tag="338" ind1=" " ind2=" ">
   <subfield code="a">Band</subfield>
   <subfield code="b">nc</subfield>
   <subfield code="2">rdacarrier</subfield>
  </datafield>
  <datafield tag="490" ind1="0" ind2=" ">
   <subfield code="a">Penser Pulp</subfield>
  </datafield>
  <datafield tag="520" ind1=" " ind2=" ">
   <subfield code="a">Dies ist nun das 2. Buch von N. Larson über seinen ungewöhnlichen Romanhelden, der Dewey Decimal heisst und versucht, sein Leben sowie die zerstörte New York Public Library wieder aufzurichten (vgl. &quot;2/14&quot;, ID-A 14/14). Allerdings ist es ein N.Y. nach der Apokalypse eines 14. Februars. Die Stadt (vielleicht auch die Welt) liegt in Schutt und Asche, und nur 10% der Bevölkerung haben überlebt. Dewey (ehemaliger Soldat, ziemlich zwanghaft und drogenabhängig) gerät mit einem mächtigen US-Senator in Konflikt, der anscheinend für den Tod einer koreanischen Prostituierten und deren Kind verantwortlich ist. Auf der Suche nach dem Mörder tritt der Held sowohl den Gröe︢n der regierenden Halbwelt als auch den Gröe︢n der Unterwelt auf die Füe︢. Wieder ein spannender, düsterer und teilweise humorvoller Krimi-Noir, der seine Leser erwartungsvoll auf den letzten Band der Reihe warten lässt. Und ebenso auf die Auflösung, was die bisherige Welt, die N.Y. Public Library und das Leben von Dewey Decimal zerstört hat</subfield>
  </datafield>
  <datafield tag="700" ind1="1" ind2=" ">
   <subfield code="a">Stumpf, Andrea</subfield>
   <subfield code="0">(DE-588)136924638</subfield>
   <subfield code="0">(DE-627)588340057</subfield>
   <subfield code="0">(DE-576)301347387</subfield>
   <subfield code="4">oth</subfield>
  </datafield>
  <datafield tag="700" ind1="1" ind2="2">
   <subfield code="a">Larson, Nathan</subfield>
   <subfield code="d">1970-</subfield>
   <subfield code="t">The nervous system &lt;dt.&gt;</subfield>
  </datafield>
  <datafield tag="700" ind1="1" ind2="2">
   <subfield code="a">Larson, Nathan</subfield>
   <subfield code="d">1970-</subfield>
   <subfield code="t">The nervous system &lt;dt.&gt;</subfield>
  </datafield>
  <datafield tag="787" ind1="0" ind2="8">
   <subfield code="i">Rezensiert in</subfield>
   <subfield code="a">Gegenmantel, Antje</subfield>
   <subfield code="t">Ein Bibliothekar in fremder und eigener Mission als Detektiv in New York</subfield>
   <subfield code="d">Düsseldorf : AKMB, 2015</subfield>
   <subfield code="w">(DE-627)1552420183</subfield>
   <subfield code="w">(DE-576)482420189</subfield>
  </datafield>
  <datafield tag="856" ind1="4" ind2="2">
   <subfield code="u">http://deposit.dnb.de/cgi-bin/dokserv?id=4678278&amp;prov=M&amp;dok_var=1&amp;dok_ext=htm</subfield>
   <subfield code="m">X:MVB</subfield>
   <subfield code="q">text/html</subfield>
   <subfield code="3">Inhaltstext</subfield>
  </datafield>
  <datafield tag="935" ind1=" " ind2=" ">
   <subfield code="i">sf</subfield>
  </datafield>
  <datafield tag="935" ind1=" " ind2=" ">
   <subfield code="i">Blocktest</subfield>
  </datafield>
  <datafield tag="951" ind1=" " ind2=" ">
   <subfield code="a">BO</subfield>
  </datafield>
  <datafield tag="991" ind1=" " ind2=" ">
   <subfield code="a">Rezensiertes Werk</subfield>
  </datafield>
  <datafield tag="999" ind1=" " ind2=" ">
   <subfield code="a">KXP-PPN787158887</subfield>
   <subfield code="e">4151661174</subfield>
  </datafield>
 </record>
</collection>
